• 首页
  • 本馆介绍
  • 公告通知
  • 最新文献
  • 馆藏检索
  • 电子资源
  • 读者导购
  • 参考咨询
  • 我的图书馆
  • 登录
  • 详细信息显示
  • 放入我的书架
  • 预约/预借图书
  • 作者相关作品
  • 分类相关作品
  • 丛书相关作品
  • 出版社相关作品

书目信息

  • 表格格式
  • 工作单格式
  • 卡片格式
题名:
矿物与岩石图鉴
    
 
作者: 陈长伟 主编 ;壹号图编辑部 编著
分册:  
出版信息: 南京   江苏科学技术出版社  2017
页数: 256页
开本: 21cm
丛书名: 图鉴珍藏丛书
单 册:
中图分类: P57-64 , P58-64
科图分类:
主题词: 矿物--kuang wu--图集 , 岩石--yan shi--图集
电子资源:
ISBN: 978-7-5537-6574-7
000 01287nam0 22003251 450
001 1760937993
005 20170619171934.0
010    @a978-7-5537-6574-7@dCNY39.80
100    @a20170424d2017 em y0chiy50 ea
101 0  @achi
102    @aCN@b320000
105    @aa z 001yy
106    @ar
200 1  @a矿物与岩石图鉴@9kuang wu yu yan shi tu jian@f陈长伟主编@g壹号图编辑部编著
210    @a南京@c江苏科学技术出版社@d2017
215    @a256页@d21cm
225 2  @a图鉴珍藏丛书@9tu jian zhen cang cong shu
300    @a凤凰含章 含章·图鉴系列
314    @a陈长伟,高级工程师,国家注册土木岩土工程师,中国海洋大学环境工程硕士。现供职于河南省有色金属地质矿产局。
330    @a本书分为两大部分,即矿物和岩石,分别从类别、成分、硬度、特征、成因、鉴定特征、比重、解理、断口、晶系等方面对其进行了详细介绍,其中所选矿物共231种,所选岩石65种,并为每一种矿物或岩石配有多角度高清图片,以及相应图说文字。
461  0 @12001 @a图鉴珍藏丛书
512 1  @a矿物与岩石图鉴@e辨认231种矿物与65种岩石
606 0  @a矿物@9kuang wu@j图集
606 0  @a岩石@9yan shi@j图集
690    @aP57-64@v5
690    @aP58-64@v5
701  0 @a陈长伟@9chen chang wei@4主编
712 02 @a壹号图编辑部@9yi hao tu bian ji bu@4编著
801  0 @aCN@b百万庄@c20170617
905    @b1013682-4@dP57-64@e120@f3
    
    矿物与岩石图鉴/陈长伟主编/壹号图编辑部编著.-南京:江苏科学技术出版社,2017
    256页;21cm.-(图鉴珍藏丛书)
    凤凰含章 含章·图鉴系列
    
    ISBN 978-7-5537-6574-7:CNY39.80
    本书分为两大部分,即矿物和岩石,分别从类别、成分、硬度、特征、成因、鉴定特征、比重、解理、断口、晶系等方面对其进行了详细介绍,其中所选矿物共231种,所选岩石65种,并为每一种矿物或岩石配有多角度高清图片,以及相应图说文字。
●
相关链接 在E读中查询图书 在五车中查询图书 在当当中查询图书 在豆瓣中查询图书


正题名:矿物与岩石图鉴     索取号:P57-64/120         预约/预借

序号 登录号 条形码 馆藏地/架位号 状态 备注
1 1013682   210136823   第二样本阅览室/ [索取号:P57-64/120] 在馆    
2 1013683   210136832   教育系资料室/ [索取号:P57-64/120] 在馆    
3 1013684   210136841   第三借阅区/ [索取号:P57-64/120] 在馆    
唐山师范学院图书馆 欢迎您!
大连网信软件有限公司© 版权所有